000 01751nam a2200229 4500
001 0000010891
005 20250329165413.0
008 180709s2018 000 0 eng d
040 _aCO-CtgCURN
_bspa
_ccoctgcurn
082 0 _aAPH 2018
_bB265
100 1 _aBaron Agamez, Luis.
245 1 0 _aCapacidad de respuesta de la brigada de emergencias de la corporacion universitaria rafael nuñez ante situaciones de emergencias en el campus cartagena en el primer periodo 2018 /
_cLuis Baron Agamez; Amaury Vega Morales; Asesor: Ricardo Zabaleta Torres.
260 _aCartagena de Indias :
_bCorporación Universitaria Rafael Nuñez,
_c2018.
504 _aTrabajo de grado (Atencion Prehospitalaria). Corporación Universitaria Rafael Nuñez. Facultad de Ciencias de la salud. Atencion Prehospitalaria, 2018.
520 _aNuestro resumen se basa en algunas instituciones que tiene una brigada de emergencia que tomamos como referencia para la elaboracion de este trabajo de grado donde explicaremos de una manera breve como estan confirmanda y quien las lideras como en el caso centro de acopio de la universidad de Guayaquil, siendo el director de Brigadas es el responsable de coordinar la capacitacion y adiestramiento del personal de brigadas y cada una liderada por un Jefe de Brigada.
650 0 _aAtención prehospitalaria
_vTesis y disertaciones academicas.
700 1 _aVega Morales, Amaury.
700 1 _aZabaleta Torres, Ricardo,
_eInvestigador.
856 _uhttps://unicurn.sharepoint.com/:b:/s/biblioteca/EfIR6P8EUixFvXCgo2X2IDsBblr1EMXcndHVanaxBHWk6A?e=8vFVIq
_zClick aqui para ver el recurso en texto completo
942 _2ddc
_cTG
_hAPH 2018
_iB265
999 _c2861
_d2861